Normal view
MARC view
Entry Topical Term
001 - CONTROL NUMBER
- control field: 13570
003 - CONTROL NUMBER IDENTIFIER
- control field: BD-RjUL
005 - DATE AND TIME OF LATEST TRANSACTION
- control field: 20240922164139.0
008 - FIXED-LENGTH DATA ELEMENTS
- fixed length control field: 240922|| aca||aabn | a|a d
040 ## - CATALOGING SOURCE
- Original cataloging agency: BD-RjUL
- Transcribing agency: BD-RjUL
150 ## - HEADING--TOPICAL TERM
- Topical term or geographic name entry element: Management
- Form subdivision: Readymade
- Geographic subdivision: Bangladesh
670 ## - SOURCE DATA FOUND
- Source citation: Work cat.: (BD-RjUL)84022: Azad, Md. Rafique 13569, Readymade Garment Industry in Bangladesh :, 2004